Statistiques concernant Horaires de départ du TER Strasbourg-Colmar au départ de Strasbourg

Cliquez ici pour prendre le quiz!

Statistiques générales

  • Ce quiz a été pris 12 fois
  • Le résultat moyen est 60 sur 94

Statistiques - réponses

PériodeArrêtsHoraire de départ% Correct
08:21
83%
S'arrête à Erstein et Benfeld08:21
83%
S'arrête à Erstein et Benfeld10:21
83%
10:21
83%
S'arrête à Erstein et Benfeld06:21
75%
06:21
75%
06:51
75%
06:51
75%
Dimanche,
Jours fériés
06:51
75%
S'arrête à Erstein et Benfeld07:21
75%
S'arrête à Erstein et Benfeld07:21
75%
07:21
75%
07:51
75%
07:51
75%
07:51
75%
08:51
75%
08:51
75%
08:51
75%
09:21
75%
S'arrête à Erstein et Benfeld09:21
75%
10:51
75%
(Samedi)10:51
75%
10:51
75%
05:51
67%
Samedi05:51
67%
S'arrête à Erstein et Benfeld09:51
67%
09:51
67%
09:51
67%
S'arrête à Erstein et Benfeld11:21
67%
11:21
67%
S'arrête à Erstein et Benfeld11:21
67%
11:51
67%
11:51
67%
11:51
67%
S'arrête à Erstein et Benfeld12:21
67%
12:51
67%
12:51
67%
12:51
67%
13:21
67%
13:51
67%
13:51
67%
S'arrête à Erstein et Benfeld13:51
67%
S'arrête à Erstein et Benfeld14:21
67%
15:21
67%
S'arrête à Erstein et Benfeld15:21
67%
16:21
67%
S'arrête à Erstein et Benfeld16:21
67%
16:21
67%
S'arrête à Erstein et Benfeld17:21
67%
17:21
67%
17:51
67%
17:51
67%
17:51
67%
S'arrête à Erstein et Benfeld18:21
67%
18:21
67%
18:21
67%
18:51
67%
18:51
67%
18:51
67%
19:21
67%
S'arrête à Erstein et Benfeld19:21
67%
19:21
67%
19:51
67%
19:51
67%
19:51
67%
20:21
67%
20:21
67%
S'arrête à Erstein et Benfeld20:21
67%
S'arrête à Erstein et Benfeld20:51
67%
14:51
58%
14:51
58%
14:51
58%
15:51
58%
15:51
58%
15:51
58%
16:51
58%
16:51
58%
16:51
58%
21:21
58%
S'arrête à Erstein et Benfeld21:21
58%
21:21
58%
22:51
50%
Le 1er octobreS'arrête à Erstein et Benfeld13:19
42%
15:25
42%
S'arrête à Erstein et Benfeld22:21
42%
S'arrête à Erstein et Benfeld22:21
42%
S'arrête à Erstein et Benfeld22:21
42%
SemaineS'arrête à Erstein,
à destination de Bâle
05:15
33%
(à partir du 22 août)S'arrête à Geispolsheim,
Fegersheim-Lipsheim,
Erstein et Benfeld,
à destination de Mulhouse
08:25
33%
à destination de Mulhouse12:20
33%
Sauf 1er octobreS'arrête à Erstein et Benfeld13:20
33%
(à partir du 22 août)à destination de Colmar17:33
33%
S'arrête à Erstein et Benfeld23:20
33%
S'arrête à Erstein et Benfeld23:20
33%

Distribution des résultats

Percentile par nombre de réponses

% des personnes avec chaque résultat

Votre développement - résultats

Vous n’avez pas pris ce quiz